000 03289cam a22012134i 4500
003 PE-LiUPU
005 20250813185433.0
008 191021s2018 spsa rb 000 0 spa d
020 _a8491711481
020 _a9788491711483
035 _a(Sirsi) a252615
040 _aPE-LiUPU
_bspa
_cPE-LiUPU
_erda
049 _aPRUA
082 0 4 _a362.4
_bB42
_220
100 1 _aBenito Bahamonde, Pilar,
_eautor.
245 1 0 _aMetodología de la integración social de las personas con dificultades de comunicación, lenguaje y habla /
_cPilar Benito Bahamonde.
264 1 _aMadrid :
_bEditorial Síntesis,
_c[2018].
300 _a162 páginas :
_bilustraciones ;
_c26 centímetros
336 _atext
_2rdacontent
337 _aunmediated
_2rdamedia
338 _avolume
_2rdacarrier
500 _aAcceso a información adicional mediante códigos QR
504 _aBibliografía: páginas 161-162.
505 0 _aDesarrollo, proceso y necesidades del ser humano -- Integración y exclusión social en mediación comunicativa -- Contexto de la intervención social -- Investigación social en mediación comunicativa -- Planificación de intervenciones sociales en mediación comunicativa -- Evaluación de la intervención social en mediación comunicativa.
526 _aP202
526 _aP201
526 _aP163
526 _aP162
526 _aP161
526 _aP160
526 _aP148
526 _aP147
526 _aP146
526 _aP145
526 _aP144
526 _aP143
526 _aP142
526 _aP141
526 _aP140
526 _aP139
526 _aP138
526 _aP137
526 _aP136
526 _aP135
526 _aP134
526 _aP133
526 _aP129
526 _aP128
526 _aP127
526 _aP120
526 _aP119
526 _aP118
526 _aP116
526 _aP115
526 _aP114
526 _aP110
526 _aP109
526 _aP108
526 _aP104
526 _aP103
526 _aP102
526 _aP99
526 _aP98
526 _aP97
526 _aP96
526 _aP95
526 _aP93
526 _aP90
526 _aP89
526 _aP88
526 _aP83
526 _aP82
526 _aP62
526 _aP59
526 _aP58
526 _aP57
526 _aP51
526 _aP49
526 _aP48
526 _aP47
526 _aP29
526 _aP24
526 _aP20
526 _aP19
526 _aP17
526 _aP15
526 _aP14
526 _aP12
526 _aP10
526 _aP09
526 _aP08
526 _aP07
526 _aP06
526 _aP05
526 _aP04
526 _aP01
541 _gF002-0001663;
650 0 7 _aPersonas con discapacidad
_xIntegración social
_vManuales de formación.
_2embne
910 _adbm
_bjpc
_cjpc
_d20191021
942 _2ddc
_cBOOK
994 _aC0
_bPEPRU
596 _a1
999 _a362.4 B42
_wDEWEY
_c31846
_i80718
_f2021-11-8
_g3
_lCCODEBUL1
_mBUL
_p29.00
_r0
_sY
_tBOOK
_u2019-10-21
_xEDUCACION
_zP59
_0COMPRA
_1FCOMPR4
_o.STAFF. Colección Ciencias Humanas y Educación
_d31846
980 _81
_gALBERTO SANCHEZ Responsable de Automatización